(Record no. 185617)
[ view plain ]
| 000 -CABECERA | |
|---|---|
| campo de control de longitud fija | 01357nam a2200241Ia 4500 |
| 001 - NÚMERO DE CONTROL | |
| campo de control | IA_L'adaptation d'éléments clés, contenus dans la norme officielle du vin de la France avec appellation d'origine, aux normes mexicaines pour simuler dans la plus part la qualité française, ainsi, le vin pourra posséder la légende « type » AOC (Appellation d'Origine Contrôlée) en train d'obtenir : un prix plus chère par rapport à le vins communes, un vin mexicaine de grand qualité, une grande compétitivité avec les vins étrangères et aussi même un nouveau produit dans le grand gamme d'étiquettes du vins. |
| 008 - DATOS DE LONGITUD FIJA--INFORMACIÓN GENERAL | |
| campo de control de longitud fija | 220117s xx 000 0 und d |
| 010 ## - NÚMERO DE CONTROL DE LA BIBLIOTECA DEL CONGRESO | |
| Número de control de LC | 185617 |
| 530 ## - NOTA DE FORMATO FÍSICO ADICIONAL DISPONIBLE | |
| Nota de formato físico adicional disponible | Disponible en PDF |
| 650 ## - PUNTO DE ACCESO ADICIONAL DE MATERIA--TÉRMINO DE MATERIA | |
| Término de materia o nombre geográfico como elemento de entrada | Industria del vino |
| 9 (RLIN) | 151418 |
| 650 ## - PUNTO DE ACCESO ADICIONAL DE MATERIA--TÉRMINO DE MATERIA | |
| Término de materia o nombre geográfico como elemento de entrada | Vinificación |
| 9 (RLIN) | 151244 |
| 650 ## - PUNTO DE ACCESO ADICIONAL DE MATERIA--TÉRMINO DE MATERIA | |
| Término de materia o nombre geográfico como elemento de entrada | Vinos |
| Subdivisión general | Análisis |
| 9 (RLIN) | 156222 |
| 650 ## - PUNTO DE ACCESO ADICIONAL DE MATERIA--TÉRMINO DE MATERIA | |
| Término de materia o nombre geográfico como elemento de entrada | Wine industry |
| 9 (RLIN) | 151419 |
| 650 ## - PUNTO DE ACCESO ADICIONAL DE MATERIA--TÉRMINO DE MATERIA | |
| Término de materia o nombre geográfico como elemento de entrada | Winemaking |
| 9 (RLIN) | 151246 |
| 650 ## - PUNTO DE ACCESO ADICIONAL DE MATERIA--TÉRMINO DE MATERIA | |
| Término de materia o nombre geográfico como elemento de entrada | Wines |
| Subdivisión general | Analysis |
| 9 (RLIN) | 156224 |
| 700 ## - PUNTO DE ACCESO ADICIONAL--NOMBRE DE PERSONA | |
| Nombre de persona | Lira González, Diego Ernesto, asesor |
| 9 (RLIN) | 163742 |
| 700 ## - PUNTO DE ACCESO ADICIONAL--NOMBRE DE PERSONA | |
| Nombre de persona | Martínez Mosqueda, Francisco, asesor |
| 9 (RLIN) | 163662 |
| 700 ## - PUNTO DE ACCESO ADICIONAL--NOMBRE DE PERSONA | |
| Nombre de persona | Martínez Romero, Salvador, dir. |
| 9 (RLIN) | 147646 |
| 700 ## - PUNTO DE ACCESO ADICIONAL--NOMBRE DE PERSONA | |
| Nombre de persona | Robles González, Roberto Manuel, coaut. |
| 9 (RLIN) | 159717 |
| 942 ## - ELEMENTOS DE PUNTO DE ACCESO ADICIONAL (KOHA) | |
| Tipo de ítem Koha | |
No items available.
